000 00735nam a2200229Ia 4500
001 9810
003 GE_BSU
008 181216s||||||||xx |||||||||||||| ||und||
040 _cGE_BSU
080 _a821.353.1–1
100 _aნონეშვილი,იოსებ
245 _aსახლი გორაკში
245 _bლექსები
245 _cპ/მ რედ.ელ.გოგოლაშვილი.მხატვ.გ.ფოცხიშვილი
260 _aთბილისი
260 _bსაბლიტგამი
260 _c1954
300 _a130გვ.ილ.21სმ.
653 _aლექსები
653 _aსახლი გორაკში
942 _cBK
999 _c43090
_d43090